000 00471nam a2200169 i 4500
001 23849
003 ES-MaACL
007 t|
008 021212s1879 it ||||1| ita d
100 0 _aDe Amicis, Edmondo,
_d1846-1908
_943032
245 1 0 _aRicordi di Parigi /
_cEdmondo De Amicis.
250 _a2. ed.
260 _aMilano :
_bFratelli Treves,
_c1879.
300 _a330 p. ;
_c19 cm.
852 _aES-MaACL
_jE-8672
_bR.93201
999 _c23849
_d23849